000 00677nam a2200289Ia 4500
005 20260324134449.0
008 008 260324s9999 xx 000 0 eng d
020 _a9781315235950
037 _aEBOOK
040 _aCRL
040 _beng
040 _cCRL
041 _2eng
041 _aeng
084 _qCRL
100 _aTor Aase
_91196910
245 0 _aTournaments of Power
245 0 _bHonor and Revenge in the Contemporary World
260 _bTaylor and Francis
260 _c2002
365 _a
365 _b145
856 _uhttp://www.taylorfrancis.com/books/9781315235950
942 _cEBOOK
999 _c1797043
_d1797043